000 01778nam a2200409 i 4500
001 768714001
003 CO-MdFUSB
005 20250801091257.0
006 m|||||r|||| 00| 0
007 ta
007 cr au aacaa
008 190529s2018 ck a|||g |||| 00| 0 spa d
020 _a9789585694453
040 _aCO-MdFUSB
_bspa
_cCO-MdFUSB
_dCO-MdFUSBC
_erda
041 _aspa
082 _224
_aG 261
_bF288re
245 1 0 _aEnfoque y metodologías participativas
_b: dar voz a las comunidades
_c/ Laura Milena Cadavid, con Ivón Natalia Cuervo-Fernández.
264 1 _aMedellín, Colombia :
_bPublicaciones SBC,
_c℗[2018]
264 4 _c©2018
300 _a76 páginas ;
_c28 cm :
_bilustraciones.
336 _2rdacontent
_atexto
_btxt
337 _2rdamedia
_asin mediación
_bn
337 _2rdamedia
_ainformático
_bc
338 _2rdacarrier
_aremoto
_bcr
490 1 _aFe y desplazamiento
505 _aEl enfoque de derechos y el reconocimiento de la diversidad para aliviar sufrimientos de la población en situación de desplazamiento -- Enfoque y metodologías participativas, amplificar la voz de las comunidades -- Introducción a la acción sin daño: planeación y participación para reducir el riesgo -- Enfoque de capacidades
563 _aRústico
650 0 _91177
_aIglesia y problemas sociales
653 _aDesplazamiento -- Cristianismo -- Colombia.
720 _aAsesora pedagógica: Saskia Alexandra Donner
773 0 _065082
_977609
_o8360
_tTorneo conciliadores de paz
_w(CO-MdFUSB)768714001
_z9789585694415
830 _aFe y desplazamiento
_p: Relaciones sociales y comunitarias
856 _uhttps://repositorio.repci.co/handle/123456789/304
942 _cBK
945 _aANF-558
_bAEM-53
999 _c65081
_d65081